Teorija in praksa
"Družboslovna revija."
| Corporate Authors: | , , |
|---|---|
| Format: | Electronic Journal |
| Language: | Slovenian English |
| Published: |
V Ljubljani :
Fakulteta za družbene vede
|
| Subjects: | |
| Online Access: | Full text available from Research Library: 05/01/2012 to present |
MARC
| LEADER | 00000nas a22000007a 4500 | ||
|---|---|---|---|
| 001 | ssj0000800622 | ||
| 003 | WaSeSS | ||
| 005 | 20200512172242.0 | ||
| 006 | m d | ||
| 007 | cr n | ||
| 008 | 790718c19649999xv br p s 0 0slv | ||
| 010 | |a 68134760 |z sn 98034673 | ||
| 016 | 7 | |a 011134259 |2 Uk | |
| 022 | |l 0040-3598 |y 0040-3598 | ||
| 030 | |a TEPRFU | ||
| 035 | |a (WaSeSS)ssj0000800622 | ||
| 040 | |a DLC |b eng |c IUL |d IUL |d MUL |d IUL |d CAS |d IUL |d DLC |d IUL |d DLC |d OCLCQ |d UKMGB |d WAU |d OCLCQ |d OCLCF |d OCL |d OCLCA |d WAU |d OCL |d OCLCQ |d U3G |d WaSeSS | ||
| 041 | 0 | |a slv |a eng | |
| 042 | |a msc |a premarc | ||
| 043 | |a e-xv--- | ||
| 050 | 0 | 0 | |a DR381.S6 |b A27 |
| 210 | 0 | |a Teor. praksa | |
| 222 | 0 | |a Teorija in praksa | |
| 245 | 0 | 0 | |a Teorija in praksa |h [electronic resource]. |
| 260 | |a V Ljubljani : |b Fakulteta za družbene vede | ||
| 310 | |a Bimonthly, |b 1996- | ||
| 321 | |a Monthly, |b 1964-1995 | ||
| 362 | 1 | |a Began in 1964. | |
| 506 | |a License restrictions may limit access. | ||
| 515 | |a Has occasional combined issue. | ||
| 520 | |a "Družboslovna revija." | ||
| 525 | |a Includes occasional special issues. | ||
| 550 | |a Issued by: Visoka šola za politične vede, 1964- ; Fakulteta za sociologijo, politične vede in novinarstvo, -<1972>; Fakulteta za družbene vede, <1997-> | ||
| 588 | |a Description based on: Let. 24, št. 1 (jan.-feb. 1997); title from cover. | ||
| 588 | |a Latest issue consulted: Let. 54, št. 3/4 (naj/avgust 2017). | ||
| 650 | 7 | |a Politics and government |2 fast |0 (OCoLC)fst01919741 | |
| 651 | 0 | |a Slovenia |x Politics and government |v Periodicals. | |
| 651 | 7 | |a Slovenia. |2 fast |0 (OCoLC)fst01212712 | |
| 655 | 0 | |a Electronic journals. | |
| 710 | 2 | |a Visoka šola za politične vede. | |
| 710 | 2 | |a Univerza v Ljubljani. |b Fakulteta za sociologijo, politične vede in novinarstvo. | |
| 710 | 2 | |a Univerza v Ljubljani. |b Fakulteta za družbene vede. | |
| 850 | |a DLC |a InU | ||
| 856 | 4 | 0 | |z Full text available from Research Library: 05/01/2012 to present |u https://search.proquest.com/publication/1566344 |